000 02254nab a2200253 a 4500
005 20210219163220.0
008 991125s1985 mx 000 0 spa u
035 _aUPN01000218659
049 _aART
100 1 _aAlmeida, Bárbara Schausteck de
100 1 _ubarbara.edf@ufpr.br
222 0 _aESPACIO ABIERTO
245 0 0 _aMegaeventos esportivos, política e legado :
_bo Brasil como sede da Copa do Mundo Fifa 2014 e os Jogos Olímpicos e Paralímpicos Rio 2016
260 _aMaracaibo, Venezuela
300 _a67-81
362 0 _a2016 Volumen 25, número 2, abril-junio
520 3 _aLos mega eventos deportivos son utilizados como medio para aumentar inversiones en regeneración urbana, con potencial de atracción de inversiones privadas y beneficios políticos internacionales por la exhibición de imágenes positivas de países y ciudades anfitriones. En este artículo, el objetivo es establecer un diálogo con la literatura científica internacional para analizar aspectos comunes y específicos del caso de Brasil al aplicarse y promover el Mundial FIFA 2014 para hombres y los Juegos Olímpicos y Paralímpicos en Rio de Janeiro 2016, especialmente acerca de las políticas y de los legados. Señalase que los procesos de candidatura ocurrieran en un período de crecimiento económico y de visibilidad internacional del país. La candidatura al Mundial FIFA 2014 inicialmente no tenía un perfil de proyecto político nacional, distinto es el caso de los Juegos Olímpicos y Paralímpicos 2016. Con esa distinción inicial, fue posible identificar factores relacionados con las estrategias políticas brasileñas y discursos en torno a los legados esperados que son compatibles con otras sedes de mega eventos deportivos, especialmente de los países periféricos. Como conclusión, se destaca la importancia de los estudios de caso en diálogo con casos anteriores para identificación de puntos comunes que pueden ser inherentes a eses eventos y no responsabilidades o especificidades locales
653 0 _aJUEGOS OLIMPICOS
653 0 _aJUEGOS PARALIMPICOS
653 0 _aRIO DE JANEIRO, BRASIL
653 0 _aMEGA EVENTOS DEPORTIVOS
856 4 _uhttp://www.redalyc.org/articulo.oa?id=12246766004
905 _aArticulo
999 _c190759
_d190759